000 005660000a22001810004500
003 MACL
005 20160120173804.0
008 160120b xxu||||| |||| 00| 0 eng d
040 _aMACL
_cMACL
041 _aHindi
082 _a340.59/JHA
100 _aझाबवाला एन.एच
_933722
245 _aमुस्लिम विघि केसिघ्‍दांत
260 _bसी. जमनादास अॅड कंपनी
_c1998
_aअहमदाबाद
350 _a30
650 _aलॉ
_933609
942 _cHIN
_k340.59 /JHA
_2ddc
999 _c30817
_d30817